000 05379nab a2200361 i 4500
003 BR-BrBNA
005 20240708131934.0
008 240708b2017 bl.|r|pooa||| 00| 0 por |
040 _aBR-BrBNA
_bpor
072 _aL74
_b5400
072 _aL70
100 _aTudury, E.A.
100 _aSouza, A.F.A.
100 _aFernandes, T.H.T.
100 _aAraújo, B.M.
100 _aOliveira, L.M.
100 _aAmorim, M.M.A.
100 _aEspíndola, C.R.S.
100 _aSilva, I.C.C.
245 _aDesenvolvimento e avaliação de equipamento de tração, para redução de fraturas de ossos longos de cães
500 _aPublicação online; 17 ref.; 4 illus.; Summaries (En, Pt)
520 _a RESUMO - Fraturas costumam ocorrer com encavalgamento das extremidades ósseas, dificultando, assim, sua redução. Esta pesquisa teve como objetivo desenvolver um equipamento de tração esquelética a ser utilizado em caninos acometidos de fraturas de ossos longos. Foram utilizados 21 cães de raças variadas, pesando entre dois e 27kg, com idade entre dois meses e 11 anos, com fraturas diafisárias ou metafisárias ocorridas entre três e 24 dias. Enquanto a fixação do corpo do paciente à mesa foi efetuada com cintas de náilon, a força de tração aplicada ao longo do eixo ósseo do membro fraturado foi realizada mediante cintas de náilon ou pinos transfixados e estribos (sendo os pinos implantados na epífise distal do osso fraturado), com a força de tração medida por um dinamômetro, não sendo aplicada carga maior que 25kg. Em todos os casos, a força de tração iniciava com o valor de cinco quilogramas, exceto em animais com peso inferior a esta, a qual começava com carga equivalente a esse peso; e em todos, se necessário, era aumentada a cada cinco minutos para se manter tração igual ao peso ou aos valores que oscilavam do seu peso até cinco quilogramas, dependendo do tamanho do animal, até se atingir a tração necessária para se proceder à redução. Para essa progressão de distensão, o equipamento possuía haste rosqueada de 25mm de diâmetro, uma porca com sistema timão e cilindro deslizante por fora da haste, este conectado ao animal por uma corrente, e o dinamômetro. Todos os animais tiveram as fraturas reduzidas sem haver perda óssea, o que evidencia que o aparelho se mostrou eficiente tanto na redução como na manutenção da redução da fratura, e eles não apresentaram, no pós-operatório, sinais de prejuízos neurológicos, vasculares, cutâneos e articulares. O distensor ósseo aqui desenvolvido tem como características: ser de simples confecção, ter baixo custo, não gerar danos ao paciente e facilitar a redução dos fragmentos tanto em fraturas recentes quanto em antigas. Palavras-chave: cão, fraturas, redução, equipamento
520 _a ABSTRACT - Fractures usually occur with overriding of bone fragments, thus hindering fracture reduction. The aim of this research was to develop and test a skeletal traction device for use in dogs with long bone fractures. Twenty-one dogs were included, regardless of breed or gender, weighing between two and 27kg, and between two months and 11 years of age, with metaphyseal or diaphyseal fractures that had occurred between three and 24 days prior to intervention. While fixation of the patient's body to the table was performed using nylon straps, the traction force applied along the bone axis of the fractured limb was performed using nylon straps or transfixed pins and stirrups (with the pins implanted in the distal epiphysis of the fractured bone). Tensile strength was measured by a dynamometer, and the maximum load applied was no greater than 25kg. In all cases, the distraction force began at five kilograms except in dogs below this weight, where the starting load was equivalent to the weight of the animal. If necessary, in all dogs, force was increased every five minutes to maintain equal traction to the dog’s weight or values which ranged from the dog’s weight to five kilograms depending on the size of the animal, until the necessary traction for reduction was obtained. For this progression of distension, the equipment had a 25-milimeter-diameter threaded rod, a nut with a rudder system and sliding cylinder outside the rod, which connected to the dog via a chain and the dynamometer. Fracture reduction was achieved in all dogs without bone loss, and the device was shown to be efficient in both allowing and maintaining fracture reduction, with no neurologic, vascular, cutaneous, or articular damage. The developed bone distractor has the following characteristics: simple to construct, low cost, does not harm the patient, and facilitates reduction of the fragments in recent and old fractures. Keywords: dog, fractures, reduction, device
650 _aCÃO
650 _aFRATURA
650 _aOSSO
650 _aEQUIPAMENTO
650 _aDISTÚRBIO FISIOLÓGICO
773 0 _01643
_9316242
_dBelo Horizonte-MG Universidade Federal de Minas Gerais - Escola de Veterinaria 1983
_o2024-2643
_tArquivo Brasileiro de Medicina Veterinária e Zootecnia (Brazil)
_x0102-0935
_gv. 69(4) p. 933-940; (2017)
_wBR2024001659
856 _uhttps://www.scielo.br/j/abmvz/a/3mHK3XF5wbpXLmctBCjLnLs/?format=pdf&lang=pt
942 _cAnalítica
999 _c300443
_d300443